|
|
|
|
| LEADER |
00000cam a2200000 a 4500 |
| 001 |
vtls001384020 |
| 003 |
SK-MaSNL |
| 005 |
20260301115629.0 |
| 008 |
240314s1936 xr 00000dcze |
| 015 |
|
|
|a SNBA1936
|
| 035 |
|
|
|a SNK000338122
|
| 035 |
|
|
|a urn:nbn:sk:snk-amkkqv
|
| 035 |
|
|
|a urn:nbn:sk:snk-am003upw
|
| 035 |
|
|
|a 237CDB94-D37B-4CE1-8787-EC5321634466
|
| 040 |
|
|
|a SNK
|b slo
|c SNK
|e AACR2
|
| 041 |
0 |
|
|a cze
|
| 044 |
|
|
|a xr
|c CZ
|
| 100 |
1 |
|
|a Šalda, F. X.
|q (František Xaver),
|d 1867-1937
|4 aut
|9 112587
|
| 245 |
1 |
0 |
|a Dr.Edvard Beneš ve fotografii
|c F. Šalda
|
| 260 |
|
|
|a Praha
|b Orbis
|c 1936
|
| 600 |
1 |
7 |
|a Beneš, Edvard,
|d 1884-1948
|2 SNKMA
|9 110633
|
| 655 |
|
7 |
|a spomienky
|2 SNKPH
|9 29509
|
| 958 |
|
|
|a ONDV
|
| 999 |
|
|
|c 722942
|d 724872
|
| 952 |
|
|
|t P60, <04>, [BOOK], {604}
|a SNK
|b SNK
|y VYP
|7 0
|p 17A0229820
|o snkSB 884 D1
|0 0
|1 0
|4 0
|d 2000-02-29
|l 0
|r 2005-01-02 00:00:00
|w 2026-02-23
|
| 952 |
|
|
|a SNK
|b SNK
|y PREZ
|7 0
|p 17A0738788
|o snkSB 884
|0 0
|1 0
|4 0
|d 2011-11-03
|f 1
|l 0
|r 2025-01-31 00:00:00
|w 2026-02-23
|